Súťažná advokácia v čase hospodárskej krízy
Hospodárska kríza a pomoc firmám zo strany štátu. Vplyv konkurencie na dobré fungovanie trhov. Poučenie z histórie. Súťažná advokácia. Faktory, ktoré môžu vplývať na úspešnosť advokačného zásahu.
Gespeichert in:
| 1. Verfasser: | |
|---|---|
| Format: | Buchkapitel |
| Sprache: | Slowakisch |
| Schlagworte: | |
| Tags: |
Keine Tags, Fügen Sie das erste Tag hinzu!
|
MARC
| LEADER | 00000naa a2200000 4500 | ||
|---|---|---|---|
| 001 | 0162001 | ||
| 005 | 20231128124353.8 | ||
| 041 | 0 | |a slo | |
| 044 | |a CZ | ||
| 245 | 1 | 0 | |a Súťažná advokácia v čase hospodárskej krízy |c Daniela Zemanovičová |
| 520 | |a Hospodárska kríza a pomoc firmám zo strany štátu. Vplyv konkurencie na dobré fungovanie trhov. Poučenie z histórie. Súťažná advokácia. Faktory, ktoré môžu vplývať na úspešnosť advokačného zásahu. | ||
| 610 | 2 | 0 | |a advokácia |
| 610 | 2 | 0 | |a súťaž hospodárska |
| 610 | 2 | 0 | |a konkurencia |
| 610 | 2 | 0 | |a trh |
| 610 | 2 | 0 | |a firmy |
| 610 | 2 | 0 | |a prostredie podnikateľské |
| 610 | 2 | 0 | |a kríza hospodárska |
| 100 | 1 | |a Zemanovičová, Daniela | |